000 00891nas a2200301 4500
001 BR0001155
003 BR-BrBNA
005 20231205101722.0
007 ta
008 230509b bl.|||p| |||| 00| 00por d
040 _aBR-BrBNA
_bpor
_cBiblioteca Nacional de Agricultura
041 _a(Pt)
072 _aL02
100 1 _aChaves, A.H.
100 1 _aSilva, J.F.C. da
100 1 _aPinheiro, A.J.R.
100 1 _aCampos, O.F. de
100 1 _aValadares Filho, S. de C.
245 1 _aIsolamento de Lactobacillus acidophilus a partir de fezes de bezerros
650 _aBezerro
650 _aFezes
650 _aBacteria nao Patogenica
650 _aAntibiotico
650 _aRacao
773 0 _tRevista Brasileira de Zootecnia (Brazil)
_xISSN 1516-3598
_g(Sep-Oct 1999), v. 28(5) p. 1086-1092
_wBR0001155
909 _a202311
_bLúcia
_c55
_dLúcia Elande
942 _2AGRIS
_n0
_cANA
999 _c163462
_d163462